Corporate manslaughter (Record no. 104244)
[ view plain ]
| 000 -LEADER | |
|---|---|
| fixed length control field | 01098cam a2200229 4500 |
| 001 - CONTROL NUMBER | |
| control field | L129592 |
| 008 - FIXED-LENGTH DATA ELEMENTS--GENERAL INFORMATION | |
| fixed length control field | 050504n2005 000 0 eng u |
| 020 ## - INTERNATIONAL STANDARD BOOK NUMBER | |
| International Standard Book Number | 010164972X |
| 035 ## - SYSTEM CONTROL NUMBER | |
| System control number | (Sirsi) u129592 |
| 041 ## - LANGUAGE CODE | |
| Language code of text/sound track or separate title | eng |
| 050 ## - LIBRARY OF CONGRESS CALL NUMBER | |
| Classification number | 344.410465 |
| -- | 18 |
| 110 ## - MAIN ENTRY--CORPORATE NAME | |
| Corporate name or jurisdiction name as entry element | Home Office |
| 9 (RLIN) | 1239 |
| 245 ## - TITLE STATEMENT | |
| Title | Corporate manslaughter |
| Remainder of title | the government's draft Bill for reform |
| 260 ## - PUBLICATION, DISTRIBUTION, ETC. | |
| Place of publication, distribution, etc. | Norwich |
| Name of publisher, distributor, etc. | TSO |
| Date of publication, distribution, etc. | 2005 |
| 490 ## - SERIES STATEMENT | |
| Series statement | Cm |
| Volume/sequential designation | 6497 |
| 520 ## - SUMMARY, ETC. | |
| Summary, etc. | The government's draft Bill for reform has been published for comment by interested parties and the responses are due by 17 June 2005. The draft Bill would introduce a new offence for holding orgnisations to account due to failing by senior management which have had fatal consequences. The new offence would also apply to government departments and Crown bodies. |
| 590 ## - LOCAL NOTE (RLIN) | |
| Local note | IKA070605 |
| 650 ## - SUBJECT ADDED ENTRY--TOPICAL TERM | |
| Topical term or geographic name entry element | DRAFT CORPORATE MANSLAUGHTER BILL 2005 |
| 690 ## - LOCAL SUBJECT ADDED ENTRY--TOPICAL TERM (OCLC, RLIN) | |
| Topical term or geographic name as entry element | MANAGEMENT-HEALTH AND SAFETY |
| 856 ## - ELECTRONIC LOCATION AND ACCESS | |
| Uniform Resource Identifier | <a href="https://www.archive2.official-documents.co.uk/document/cm64/6497/6497.pdf">https://www.archive2.official-documents.co.uk/document/cm64/6497/6497.pdf</a> |
| Public note | View the item free of charge at www.archive2.official-documents.co.uk |
| 942 ## - ADDED ENTRY ELEMENTS (KOHA) | |
| Suppress in OPAC | 0 |
| Withdrawn status | Lost status | Source of classification or shelving scheme | Damaged status | Not for loan | Home library | Current library | Shelving location | Date acquired | Total Checkouts | Full call number | Barcode | Date last seen | Copy number | Price effective from | Koha item type |
|---|---|---|---|---|---|---|---|---|---|---|---|---|---|---|---|
| Dewey Decimal Classification | Virtual | Virtual | Online | 04/05/2005 | ONLINE PUBLICATION | 129592-2001 | 06/08/2019 | 1 | 06/08/2019 | Book |